LEADER 00874nam a2200217 i 4500 001 000000213379 003 CaOOAMICUS 005 20120521000000.0 008 120521s1882 it u000 u ita u 013 $a192234 040 $aSeMil$bita 100 1 $aZambaldi, Francesco,$d<1837-1928>.$0(OLS)http://semarc/name/52081 245 10$aMetrica greca e latina /$cdi Francesco Zambaldi. 260 $aTorino :$bErmanno Loescher,$c1882. 300 $aXV, 679 p. ;$c21 cm. 650 4$aLingua greca - Metrica.$0(OLS)http://semarc/subject/33271 650 4$aLingua latina - Metrica.$0(OLS)http://semarc/subject/38590 850 $aSeMil 852 $aSeMil$W1$xVenegono$y1$m1Z III 98 FA$j163809$B163809$CSeMilBibl$Z2$F174873 $8I 996 $6245$aMetrica greca e latina$9(OLS)http://semarc/title/307652 996 $6260$aTorino :$bErmanno Loescher$9(OLS)http://semarc/publisher/35091 LEADER 01037nam a2200265 i 4500 001 000000175976 003 CaOOAMICUS 005 20200914162153.0 008 081124s1988 it u000 u ita u 013 $a153461 040 $aSeMil$bita 100 1 $aCesarini, Dante.$0(OLS)http://semarc/name/65554 245 13$aIl giorno del Signore /$cD. Cesarini ... [et al.]. 260 $aAssisi :$bCittadella,$ccopyr. 1988. 300 $a184 p. ;$c22 cm. 500 $aDono di Don Romano Martinelli. 650 4$aSabato ebraico.$0(OLS)http://semarc/subject/17282 650 4$aDomenica - Concezione cristiana.$0(OLS)http://semarc/subject/16240 830 0$aRicerche teologiche.$0(OLS)http://semarc/title/457391 850 $aSeMil 852 $aSeMil$W1$xVenegono$y1$m2D II 374$j126798$B126798$CSeMilBibl$Z2$F138810 $81 961 $aOmaggio: Martinelli don Romano 996 $6245$aIl giorno del Signore$9(OLS)http://semarc/title/59440 996 $6260$aAssisi :$bCittadella$9(OLS)http://semarc/publisher/29661